Impact of Antenna Gains in Heterogeneous Cellular Network (Record no. 66659)

MARC details
000 -LEADER
fixed length control field 00328nam a22001217a 4500
082 ## - DEWEY DECIMAL CLASSIFICATION NUMBER
Classification number R/IMS-20
100 ## - MAIN ENTRY--AUTHOR NAME
Personal name Altaf Hussain
-- 15-MIAC-02
245 ## - TITLE STATEMENT
Title Impact of Antenna Gains in Heterogeneous Cellular Network
260 ## - PUBLICATION, DISTRIBUTION, ETC. (IMPRINT)
Place of publication Nawabshah
Name of publisher QUEST
Year of publication 2019
300 ## - PHYSICAL DESCRIPTION
Number of Pages 29
700 ## - ADDED ENTRY--PERSONAL NAME
Personal name Department of Electronic Engineering
942 ## - ADDED ENTRY ELEMENTS (KOHA)
Koha item type Books
Holdings
Withdrawn status Lost status Home library Current library Date acquired Full call number Accession Number Koha item type
    Central Library, QUEST, Nawabshah Research Section 20/11/2020 R/IMS-20 MP/62-795 Thesis and Dissertation